000 00273nam a22001217a 4500
020 _a0-00-613265-0
082 _a808.3 GOR'M
100 _aGORDON, ERNEST
_979016
245 _aMIRACLE ON THE RIVER KWAI
260 _aLONDON
_bFONTANA
_c1973
300 _a189P
942 _cBK
999 _c584087
_d584087